000 00509nam a22001937a 4500
005 20251108164120.0
008 250721s1983 xx 000 0 ara d
082 1 4 _a301/يوا
100 1 _aيوارييه، جان
245 1 0 _aتاريخ العرقية /
250 _aط2.
264 1 _aبيروت :
_bعويدات،
_c1983.
300 _a201ص
490 0 _aزدني علماً
650 1 7 _aعلم الإجتماع
700 1 _aنصر، نسيم
_eترجمة
942 _2ddc
_cBK
999 _c3991
_d3991